Ma vie
Gardado en:
| Autor Principal: | |
|---|---|
| Formato: | Libro |
| Idioma: | francés |
| Publicado: |
París
Plon
1911
|
| Edición: | 4a. ed |
| Subjects: | |
| Tags: |
Engadir etiqueta
Sen Etiquetas, Sexa o primeiro en etiquetar este rexistro!
|
MARC
| LEADER | 00000nam a2200000 a 4500 | ||
|---|---|---|---|
| 001 | UCN2379 | ||
| 003 | CL-VaPUC | ||
| 008 | 010518e19110000FR |||||||||||||||||fre|d | ||
| 082 | 0 | 4 | |a 927.8 |b WAG |2 21 |
| 100 | |a Wagner, Wilhelm Richard |e author |9 265759 | ||
| 245 | 1 | 0 | |a Ma vie |
| 250 | |a 4a. ed | ||
| 300 | |a v | ||
| 942 | |c BK | ||
| 945 | |d 20010518 00:00:00 |a crobeson | ||
| 260 | |a París |b Plon |c 1911 | ||
| 500 | |a v.1: 1813-1842 | ||
| 500 | |a v.2: 1842-1850 | ||
| 500 | |a v.3: 1850-1864 | ||
| 650 | 0 | |a Compositores alemanes |9 324765 | |
| 650 | 0 | |a Autobiografías |9 265171 | |
| 583 | |a last modification |c 20010518 00:00:00 |k Rodrigo Vera | ||
| 999 | |c 295482 |d 295480 | ||
| 952 | |0 0 |1 0 |4 0 |6 927_800000000000000_WAG_1911 |7 0 |8 A |9 348706 |a BIBEDU |b BIBEDU |d 2019-11-20 |h v.2 |i 1182951 |o 927.8 WAG 1911 |p 1182951 |r 2023-01-12 |w 2019-11-20 |y BK |k MUS | ||